| 000 | 00733nam a2200205 i 4500 | ||
|---|---|---|---|
| 001 | 90507 | ||
| 003 | ES-MaACL | ||
| 005 | 20250910213328.0 | ||
| 007 | t| | ||
| 008 | 050121s1975 sp ||||1| spa d | ||
| 100 | 1 |
_aLenin, Vladimir Il'ich, _d1870-1924 _971523 |
|
| 245 | 1 | 0 |
_aEscritos sobre la literatura y el arte / _cVladimir Illicht Lenin ; selección y prólogo de Jean Freville ; [versión Jaume Fuster y María Antonia Oliver]. |
| 260 |
_aBarcelona : _bPenínsula, _c1975. |
||
| 300 |
_a230 p. ; _c19 cm. |
||
| 700 | 1 |
_aFreville, Jean. _952559 |
|
| 700 | 1 |
_aOliver, María Antonia. _986823 |
|
| 700 | 1 |
_aFuster, Jaume, _d1945-1998 _953081 |
|
| 852 |
_aES-MaACL _jE-10047 _bR.93940 |
||
| 999 |
_c90507 _d90507 |
||